[Event "DEM U10w 2021"]
[Site "Willingen GER"]
[Date "2021.08.26"]
[Round "7"]
[White "Leistritz, Romina"]
[Black "Wartenberg, Adelia"]
[Result "0-1"]
[Termination "normal"]
[Board "15"]
[WhiteElo "1047"]
[BlackElo "791"]
[WhiteClock "01:01:06"]
[BlackClock "01:18:30"]
[PlyCount "30"]
[BlackFideId "34601830"]
[EventCountry "GER"]
[EventRounds "11"]
[EventType "swiss"]
[EventDate "2021.08.22"]

1. e4 {[%clk 01:15:57]} {[%emt 00:00:05]} e5 {[%clk 01:16:24]} {[%emt
00:00:04]} 2. Nf3 {[%clk 01:16:22]} {[%emt 00:00:05]} Nc6 {[%clk 01:16:47]}
{[%emt 00:00:07]} 3. Bc4 {[%clk 01:16:36]} {[%emt 00:00:16]} Bc5 {[%clk
01:17:08]} {[%emt 00:00:09]} 4. O-O {[%clk 01:15:41]} {[%emt 00:01:25]} d6
{[%clk 01:17:17]} {[%emt 00:00:21]} 5. h3 {[%clk 01:15:23]} {[%emt 00:00:47]}
Qf6 {[%clk 01:17:28]} {[%emt 00:00:19]} 6. d3 {[%clk 01:15:01]} {[%emt
00:00:52]} Qg6 {[%clk 01:17:39]} {[%emt 00:00:18]} 7. Ng5 {[%clk 01:10:06]}
{[%emt 00:05:26]} h6 {[%clk 01:17:49]} {[%emt 00:00:18]} 8. h4 {[%emt
00:01:55]} hxg5 {[%clk 01:17:35]} {[%emt 00:00:24]} 9. hxg5 {[%clk 01:09:14]}
{[%emt 00:00:19]} Qh7 {[%clk 01:17:37]} {[%emt 00:00:27]} 10. Bxf7+ {[%clk
01:05:07]} {[%emt 00:04:38]} Kxf7 {[%clk 01:17:28]} {[%emt 00:00:38]} 11. Qf3+
{[%clk 01:04:48]} {[%emt 00:00:50]} Nf6 {[%clk 01:17:43]} {[%emt 00:00:16]} 12.
Qh3 {[%clk 01:03:20]} {[%emt 00:01:57]} Bxh3 {[%clk 01:17:59]} {[%emt
00:00:15]} 13. Rd1 {[%clk 01:02:48]} {[%emt 00:01:02]} Bg4 {[%clk 01:18:01]}
{[%emt 00:00:25]} 14. g6+ {[%clk 01:02:11]} {[%emt 00:01:10]} Kxg6 {[%clk
01:18:14]} {[%emt 00:00:15]} 15. Kf1 {[%clk 01:01:06]} {[%emt 00:01:36]} Qh1#
{[%clk 01:18:30]} {[%emt 00:00:13]} 0-1

[Event "DEM U10w 2021"]
[Site "Willingen GER"]
[Date "2021.08.26"]
[Round "7"]
[White "Müller, Ariana"]
[Black "Marrufo, Adriana"]
[Result "0-1"]
[Termination "normal"]
[Board "16"]
[WhiteElo "1006"]
[BlackElo "850"]
[WhiteClock "00:07:20"]
[BlackClock "00:18:16"]
[PlyCount "64"]
[WhiteFideId "34615024"]
[BlackFideId "34630252"]
[EventCountry "GER"]
[EventRounds "11"]
[EventType "swiss"]
[EventDate "2021.08.22"]

1. e4 {[%clk 01:15:57]} {[%emt 00:00:03]} e5 {[%clk 01:15:30]} {[%emt
00:00:29]} 2. Nf3 {[%clk 01:16:05]} {[%emt 00:00:22]} Nc6 {[%clk 01:15:16]}
{[%emt 00:00:46]} 3. Bc4 {[%clk 01:15:59]} {[%emt 00:00:35]} Bc5 {[%clk
01:14:58]} {[%emt 00:00:48]} 4. O-O {[%clk 01:15:56]} {[%emt 00:00:32]} Nf6
{[%clk 01:14:23]} {[%emt 00:01:05]} 5. d3 {[%clk 01:15:23]} {[%emt 00:01:03]}
h6 {[%clk 01:13:26]} {[%emt 00:01:27]} 6. Re1 {[%clk 01:12:50]} {[%emt
00:03:03]} d6 {[%clk 01:12:06]} {[%emt 00:01:51]} 7. h3 {[%clk 01:12:18]}
{[%emt 00:01:02]} Be6 {[%clk 01:10:53]} {[%emt 00:01:42]} 8. Bb3 {[%clk
01:12:23]} {[%emt 00:00:26]} O-O {[%clk 01:10:13]} {[%emt 00:01:10]} 9. c3
{[%clk 01:08:23]} {[%emt 00:04:30]} Bb6 {[%clk 01:08:43]} {[%emt 00:02:00]} 10.
d4 {[%clk 01:05:39]} {[%emt 00:03:14]} Bd7 {[%clk 01:05:48]} {[%emt 00:03:25]}
11. Qd3 {[%clk 01:00:56]} {[%emt 00:05:13]} Nh7 {[%clk 01:02:44]} {[%emt
00:03:33]} 12. Nbd2 {[%clk 00:59:49]} {[%emt 00:01:38]} Qf6 {[%clk 01:00:56]}
{[%emt 00:02:16]} 13. d5 {[%clk 00:55:05]} {[%emt 00:05:15]} Nd8 {[%clk
00:59:15]} {[%emt 00:02:12]} 14. Nf1 {[%clk 00:52:26]} {[%emt 00:03:08]} Qg6
{[%clk 00:55:40]} {[%emt 00:04:04]} 15. Ng3 {[%clk 00:49:19]} {[%emt 00:03:38]}
Ng5 {[%clk 00:55:00]} {[%emt 00:01:08]} 16. Bd2 {[%clk 00:43:19]} {[%emt
00:06:32]} Nxf3+ {[%clk 00:48:23]} {[%emt 00:07:04]} 17. Qxf3 {[%clk 00:40:04]}
{[%emt 00:03:46]} Ne6 {[%clk 00:45:36]} {[%emt 00:03:19]} 18. dxe6 {[%clk
00:38:28]} {[%emt 00:02:04]} fxe6 {[%clk 00:45:22]} {[%emt 00:00:44]} 19. Qxf8+
{[%clk 00:32:30]} {[%emt 00:06:29]} Rxf8 {[%clk 00:45:04]} {[%emt 00:00:47]}
20. Nh1 {[%clk 00:30:17]} {[%emt 00:02:43]} Qf6 {[%clk 00:40:24]} {[%emt
00:05:12]} 21. Rf1 {[%clk 00:30:17]} {[%emt 00:00:27]} Qh4 {[%clk 00:38:27]}
{[%emt 00:02:29]} 22. Rae1 {[%clk 00:23:20]} {[%emt 00:07:27]} Bb5 {[%clk
00:33:27]} {[%emt 00:05:31]} 23. c4 {[%clk 00:22:57]} {[%emt 00:00:53]} Bc6
{[%clk 00:31:47]} {[%emt 00:02:09]} 24. Bc2 {[%clk 00:23:04]} {[%emt 00:00:22]}
d5 {[%clk 00:30:16]} {[%emt 00:02:00]} 25. cxd5 {[%clk 00:18:14]} {[%emt
00:05:22]} exd5 {[%clk 00:29:22]} {[%emt 00:01:24]} 26. g3 {[%clk 00:15:22]}
{[%emt 00:03:22]} Qxh3 {[%clk 00:28:50]} {[%emt 00:01:02]} 27. Be3 {[%clk
00:13:28]} {[%emt 00:02:24]} dxe4 {[%clk 00:28:14]} {[%emt 00:01:05]} 28. Re2
{[%clk 00:10:14]} {[%emt 00:03:45]} Rf5 {[%clk 00:26:55]} {[%emt 00:01:47]} 29.
Bb3+ {[%clk 00:08:53]} {[%emt 00:01:53]} Kf8 {[%clk 00:24:33]} {[%emt
00:02:50]} 30. f4 {[%clk 00:08:21]} {[%emt 00:01:03]} Bb5 {[%clk 00:18:53]}
{[%emt 00:06:10]} 31. Rh2 {[%clk 00:07:58]} {[%emt 00:00:52]} Bxe3+ {[%clk
00:18:16]} {[%emt 00:01:06]} 32. Nf2 {[%clk 00:07:20]} {[%emt 00:01:09]} Qxf1#
{[%emt 00:00:47]} 0-1

[Event "DEM U10w 2021"]
[Site "Willingen GER"]
[Date "2021.08.26"]
[Round "7"]
[White "Guliyeva, Zahra"]
[Black "Marrufo, Leandra"]
[Result "1/2-1/2"]
[Termination "normal"]
[Board "18"]
[WhiteElo "783"]
[BlackElo "755"]
[WhiteClock "00:53:21"]
[BlackClock "00:33:39"]
[PlyCount "42"]
[WhiteFideId "34630198"]
[BlackFideId "34630260"]
[EventCountry "GER"]
[EventRounds "11"]
[EventType "swiss"]
[EventDate "2021.08.22"]

1. e4 {[%clk 01:15:53]} {[%emt 00:00:07]} e5 {[%clk 01:16:10]} {[%emt
00:00:20]} 2. Nf3 {[%clk 01:16:19]} {[%emt 00:00:05]} Nc6 {[%clk 01:16:22]}
{[%emt 00:00:17]} 3. Bc4 {[%clk 01:16:39]} {[%emt 00:00:10]} Bc5 {[%clk
01:16:43]} {[%emt 00:00:09]} 4. Nc3 {[%clk 01:16:56]} {[%emt 00:00:13]} Nf6
{[%clk 01:16:29]} {[%emt 00:00:43]} 5. d3 {[%clk 01:17:17]} {[%emt 00:00:11]}
h6 {[%clk 01:16:27]} {[%emt 00:00:32]} 6. Be3 {[%clk 01:17:35]} {[%emt
00:00:11]} Bb6 {[%clk 01:16:39]} {[%emt 00:00:18]} 7. O-O {[%clk 01:17:51]}
{[%emt 00:00:14]} O-O {[%clk 01:16:54]} {[%emt 00:00:12]} 8. h3 {[%clk
01:11:27]} {[%emt 00:06:54]} d6 {[%clk 01:15:53]} {[%emt 00:01:32]} 9. a3
{[%clk 01:10:31]} {[%emt 00:01:28]} Be6 {[%clk 01:15:42]} {[%emt 00:00:40]} 10.
Bb3 {[%clk 01:08:08]} {[%emt 00:02:21]} a6 {[%clk 01:11:58]} {[%emt 00:04:45]}
11. Na4 {[%clk 01:05:17]} {[%emt 00:03:23]} Ba7 {[%clk 01:10:42]} {[%emt
00:01:45]} 12. c3 {[%clk 01:04:05]} {[%emt 00:01:43]} b5 {[%clk 01:02:36]}
{[%emt 00:08:36]} 13. Nc5 {[%clk 01:03:03]} {[%emt 00:01:32]} dxc5 {[%clk
01:01:42]} {[%emt 00:01:23]} 14. d4 {[%clk 00:58:07]} {[%emt 00:05:26]} Nd7
{[%clk 00:58:53]} {[%emt 00:03:20]} 15. d5 {[%clk 00:55:48]} {[%emt 00:02:49]}
Na5 {[%clk 00:57:49]} {[%emt 00:01:26]} 16. dxe6 {[%clk 00:55:18]} {[%emt
00:01:06]} fxe6 {[%clk 00:58:05]} {[%emt 00:00:13]} 17. Bxe6+ {[%clk 00:55:14]}
{[%emt 00:00:35]} Kh8 {[%clk 00:56:25]} {[%emt 00:02:11]} 18. b4 {[%clk
00:54:15]} {[%emt 00:01:30]} Nb7 {[%clk 00:52:43]} {[%emt 00:04:10]} 19. Qd5
{[%clk 00:54:01]} {[%emt 00:00:44]} Qf6 {[%clk 00:34:22]} {[%emt 00:18:51]} 20.
bxc5 {[%clk 00:53:03]} {[%emt 00:01:30]} Ndxc5 {[%clk 00:34:03]} {[%emt
00:00:49]} 21. Bxc5 {[%clk 00:53:21]} {[%emt 00:00:13]} Nxc5 {[%clk 00:33:39]}
{[%emt 00:00:54]} 1/2-1/2

[Event "DEM U10w 2021"]
[Site "Willingen GER"]
[Date "2021.08.26"]
[Round "7"]
[White "Borck, Elena"]
[Black "Funke, Luise"]
[Result "0-1"]
[Termination "normal"]
[Board "19"]
[WhiteElo "775"]
[BlackElo "737"]
[WhiteClock "00:26:14"]
[BlackClock "00:36:40"]
[PlyCount "66"]
[WhiteFideId "16275446"]
[BlackFideId "34623752"]
[EventCountry "GER"]
[EventRounds "11"]
[EventType "swiss"]
[EventDate "2021.08.22"]

1. c4 {[%clk 01:15:52]} {[%emt 00:00:07]} e5 {[%clk 01:15:53]} {[%emt
00:00:07]} 2. Nc3 {[%clk 01:16:14]} {[%emt 00:00:09]} Nf6 {[%clk 01:16:14]}
{[%emt 00:00:09]} 3. g3 {[%clk 01:16:33]} {[%emt 00:00:12]} Nc6 {[%clk
01:16:32]} {[%emt 00:00:11]} 4. Bg2 {[%clk 01:16:47]} {[%emt 00:00:15]} Be7
{[%clk 01:16:47]} {[%emt 00:00:15]} 5. e3 {[%clk 01:16:51]} {[%emt 00:00:26]}
d6 {[%clk 01:16:56]} {[%emt 00:00:21]} 6. Nge2 {[%clk 01:17:14]} {[%emt
00:00:09]} O-O {[%clk 01:17:06]} {[%emt 00:00:19]} 7. O-O {[%clk 01:17:32]}
{[%emt 00:00:12]} Be6 {[%clk 01:17:15]} {[%emt 00:00:21]} 8. d4 {[%clk
01:17:24]} {[%emt 00:00:39]} Bxc4 {[%clk 01:15:08]} {[%emt 00:02:36]} 9. b3
{[%clk 01:17:21]} {[%emt 00:00:33]} Be6 {[%clk 01:14:51]} {[%emt 00:00:47]} 10.
Qc2 {[%clk 01:16:34]} {[%emt 00:01:16]} Qd7 {[%clk 01:12:28]} {[%emt 00:02:54]}
11. d5 {[%clk 01:16:06]} {[%emt 00:00:58]} Nb4 {[%clk 01:10:37]} {[%emt
00:02:20]} 12. Qd2 {[%clk 01:15:55]} {[%emt 00:00:42]} Bg4 {[%clk 01:08:39]}
{[%emt 00:02:28]} 13. Re1 {[%clk 01:13:30]} {[%emt 00:02:55]} Bxe2 {[%clk
01:06:18]} {[%emt 00:02:51]} 14. Rxe2 {[%clk 01:13:46]} {[%emt 00:00:13]} c6
{[%clk 01:04:11]} {[%emt 00:02:38]} 15. e4 {[%clk 01:02:04]} {[%emt 00:12:12]}
Qg4 {[%clk 01:01:39]} {[%emt 00:03:01]} 16. Re3 {[%clk 00:59:40]} {[%emt
00:02:54]} Qh5 {[%clk 01:00:33]} {[%emt 00:01:30]} 17. Ba3 {[%clk 00:49:59]}
{[%emt 00:10:17]} Na6 {[%clk 00:59:51]} {[%emt 00:01:12]} 18. Rb1 {[%clk
00:48:33]} {[%emt 00:01:55]} Ng4 {[%clk 00:59:21]} {[%emt 00:01:02]} 19. Re2
{[%clk 00:47:37]} {[%emt 00:01:25]} Bg5 {[%clk 00:56:47]} {[%emt 00:03:04]} 20.
Qd3 {[%clk 00:46:15]} {[%emt 00:01:46]} Qxh2+ {[%clk 00:54:58]} {[%emt
00:02:24]} 21. Kf1 {[%clk 00:46:14]} {[%emt 00:00:31]} Nc5 {[%clk 00:54:03]}
{[%emt 00:01:26]} 22. Qc4 {[%clk 00:45:27]} {[%emt 00:01:16]} b6 {[%clk
00:52:50]} {[%emt 00:01:44]} 23. dxc6 {[%clk 00:42:52]} {[%emt 00:03:04]} Rac8
{[%clk 00:52:41]} {[%emt 00:00:40]} 24. Qb5 {[%clk 00:42:30]} {[%emt 00:00:52]}
h6 {[%clk 00:51:36]} {[%emt 00:01:35]} 25. Rd1 {[%clk 00:42:21]} {[%emt
00:00:37]} Rfd8 {[%clk 00:45:58]} {[%emt 00:06:10]} 26. Rd5 {[%clk 00:40:14]}
{[%emt 00:02:36]} Ne6 {[%clk 00:45:15]} {[%emt 00:01:14]} 27. Bxd6 {[%clk
00:38:54]} {[%emt 00:01:50]} Nd4 {[%clk 00:44:50]} {[%emt 00:00:54]} 28. Qc4
{[%clk 00:36:49]} {[%emt 00:02:33]} Nxe2 {[%clk 00:44:32]} {[%emt 00:00:49]}
29. Nxe2 {[%clk 00:37:04]} {[%emt 00:00:17]} Re8 {[%clk 00:39:59]} {[%emt
00:05:02]} 30. c7 {[%clk 00:34:45]} {[%emt 00:02:49]} Re6 {[%clk 00:37:14]}
{[%emt 00:03:16]} 31. b4 {[%clk 00:28:26]} {[%emt 00:06:48]} Rf6 {[%clk
00:37:04]} {[%emt 00:00:40]} 32. f3 {[%clk 00:27:08]} {[%emt 00:01:48]} Rxf3+
{[%clk 00:36:29]} {[%emt 00:01:04]} 33. Bxf3 {[%clk 00:26:14]} {[%emt
00:01:24]} Qf2# {[%clk 00:36:40]} {[%emt 00:00:19]} 0-1

[Event "DEM U10w 2021"]
[Site "Willingen GER"]
[Date "2021.08.27"]
[Round "8"]
[White "Xiao, Yiyi"]
[Black "Czäczine, Paula"]
[Result "1/2-1/2"]
[Termination "normal"]
[Board "1"]
[WhiteElo "1368"]
[BlackElo "1127"]
[WhiteClock "01:02:27"]
[BlackClock "00:13:18"]
[PlyCount "91"]
[WhiteFideId "34605665"]
[BlackFideId "16249305"]
[EventCountry "GER"]
[EventRounds "11"]
[EventType "swiss"]
[EventDate "2021.08.22"]

1. e4 {[%clk 01:15:59]} e5 {[%clk 01:15:52]} {[%emt 00:00:09]} 2. Nf3 {[%clk
01:16:24]} {[%emt 00:00:04]} Nc6 {[%clk 01:16:13]} {[%emt 00:00:09]} 3. Bc4
{[%clk 01:16:48]} {[%emt 00:00:06]} Nf6 {[%clk 01:16:33]} {[%emt 00:00:10]} 4.
Ng5 {[%clk 01:17:10]} {[%emt 00:00:08]} d5 {[%clk 01:16:49]} {[%emt 00:00:15]}
5. exd5 {[%clk 01:17:30]} {[%emt 00:00:09]} Na5 {[%clk 01:17:07]} {[%emt
00:00:12]} 6. Bb5+ {[%clk 01:17:49]} {[%emt 00:00:11]} c6 {[%clk 01:17:26]}
{[%emt 00:00:11]} 7. dxc6 {[%clk 01:18:13]} {[%emt 00:00:06]} bxc6 {[%clk
01:17:46]} {[%emt 00:00:10]} 8. Bd3 {[%clk 01:18:30]} {[%emt 00:00:13]} Nd5
{[%clk 01:17:47]} {[%emt 00:00:29]} 9. Nf3 {[%clk 01:18:46]} {[%emt 00:00:14]}
Bd6 {[%clk 01:15:20]} {[%emt 00:02:58]} 10. O-O {[%clk 01:18:57]} {[%emt
00:00:18]} O-O {[%clk 01:13:10]} {[%emt 00:02:40]} 11. b3 {[%clk 01:17:35]}
{[%emt 00:01:53]} f5 {[%clk 01:05:04]} {[%emt 00:08:35]} 12. Be2 {[%clk
01:13:18]} {[%emt 00:04:48]} e4 {[%clk 01:04:07]} {[%emt 00:01:26]} 13. Nd4
{[%clk 01:13:11]} {[%emt 00:00:36]} Qh4 {[%clk 01:04:00]} {[%emt 00:00:38]} 14.
g3 {[%clk 01:12:56]} {[%emt 00:00:46]} Qf6 {[%clk 01:00:31]} {[%emt 00:03:58]}
15. c3 {[%clk 01:12:20]} {[%emt 00:01:04]} f4 {[%clk 00:57:54]} {[%emt
00:03:09]} 16. Bg4 {[%clk 01:09:40]} {[%emt 00:03:10]} f3 {[%clk 00:56:00]}
{[%emt 00:02:24]} 17. Bxc8 {[%clk 01:09:26]} {[%emt 00:00:43]} Raxc8 {[%clk
00:56:07]} {[%emt 00:00:24]} 18. d3 {[%clk 01:08:57]} {[%emt 00:00:59]} Nxc3
{[%clk 00:54:30]} {[%emt 00:02:07]} 19. Nxc3 {[%clk 01:07:30]} {[%emt
00:01:58]} Qxd4 {[%clk 00:54:42]} {[%emt 00:00:16]} 20. Bb2 {[%clk 01:06:59]}
{[%emt 00:01:01]} exd3 {[%clk 00:52:05]} {[%emt 00:03:08]} 21. Qd2 {[%clk
01:07:03]} {[%emt 00:00:26]} Qc5 {[%clk 00:49:48]} {[%emt 00:02:47]} 22. h4
{[%clk 01:04:16]} {[%emt 00:03:17]} Qf5 {[%clk 00:49:30]} {[%emt 00:00:48]} 23.
Kh2 {[%clk 01:04:24]} {[%emt 00:00:23]} h6 {[%clk 00:47:40]} {[%emt 00:02:19]}
24. Rh1 {[%clk 01:04:09]} {[%emt 00:00:45]} Nb7 {[%clk 00:38:25]} {[%emt
00:09:46]} 25. Rae1 {[%clk 01:03:39]} {[%emt 00:00:58]} Rce8 {[%clk 00:36:43]}
{[%emt 00:02:13]} 26. Na4 {[%clk 01:02:28]} {[%emt 00:01:41]} Rxe1 {[%clk
00:33:53]} {[%emt 00:03:20]} 27. Qxe1 {[%clk 01:02:37]} {[%emt 00:00:21]} Qd5
{[%clk 00:32:08]} {[%emt 00:02:15]} 28. Qd2 {[%clk 01:00:17]} {[%emt 00:02:49]}
Re8 {[%clk 00:26:42]} {[%emt 00:05:57]} 29. Nc3 {[%clk 01:00:02]} {[%emt
00:00:45]} Qf5 {[%clk 00:26:42]} {[%emt 00:00:30]} 30. Qd1 {[%clk 00:55:36]}
{[%emt 00:04:56]} Bc5 {[%clk 00:22:08]} {[%emt 00:05:04]} 31. Kg1 {[%clk
00:55:12]} {[%emt 00:00:53]} Qg6 {[%clk 00:21:31]} {[%emt 00:01:08]} 32. Qxf3
{[%clk 00:54:27]} {[%emt 00:01:14]} d2 {[%clk 00:21:26]} {[%emt 00:00:36]} 33.
Kh2 {[%clk 00:54:07]} {[%emt 00:00:49]} Qc2 {[%clk 00:20:21]} {[%emt 00:01:36]}
34. Qxc6 {[%clk 00:53:24]} {[%emt 00:01:13]} Re1 {[%clk 00:19:50]} {[%emt
00:01:02]} 35. Qxb7 {[%clk 00:53:05]} {[%emt 00:00:48]} Bxf2 {[%clk 00:08:52]}
{[%emt 00:11:27]} 36. Qd5+ {[%clk 00:52:22]} {[%emt 00:01:13]} Kh7 {[%clk
00:08:53]} {[%emt 00:00:30]} 37. Ba1 {[%clk 00:50:54]} {[%emt 00:01:58]} Qc1
{[%clk 00:06:48]} {[%emt 00:02:34]} 38. Nd1 {[%clk 00:49:14]} {[%emt 00:02:10]}
Qxd1 {[%clk 00:05:08]} {[%emt 00:02:11]} 39. Qf5+ {[%clk 00:49:30]} {[%emt
00:00:14]} Kg8 {[%clk 00:05:09]} {[%emt 00:00:27]} 40. Qc8+ {[%clk 00:49:24]}
{[%emt 00:00:38]} Kh7 {[%clk 00:03:44]} {[%emt 00:01:55]} 41. Qf5+ {[%clk
00:49:13]} {[%emt 00:00:41]} Kg8 {[%clk 00:02:52]} {[%emt 00:01:23]} 42. Qd5+
{[%clk 00:49:02]} {[%emt 00:00:40]} Kh7 {[%clk 00:00:48]} {[%emt 00:02:33]} 43.
Qf5+ {[%clk 00:48:21]} {[%emt 00:01:10]} Kg8 {[%clk 00:15:23]} {[%emt
00:00:56]} 44. Qc8+ {[%clk 01:03:01]} {[%emt 00:00:50]} Kh7 {[%clk 00:14:14]}
{[%emt 00:01:39]} 45. Qf5+ {[%clk 01:02:38]} {[%emt 00:00:52]} Kg8 {[%clk
00:13:18]} {[%emt 00:01:26]} 46. Qc8+ {[%clk 01:02:27]} {[%emt 00:00:42]}
1/2-1/2

[Event "DEM U10w 2021"]
[Site "Willingen GER"]
[Date "2021.08.27"]
[Round "8"]
[White "Hefele, Stefanie"]
[Black "Bakó, Isabella"]
[Result "1-0"]
[Termination "normal"]
[Board "3"]
[WhiteElo "1044"]
[BlackElo "1173"]
[WhiteClock "00:47:40"]
[BlackClock "00:44:14"]
[PlyCount "43"]
[WhiteFideId "34612041"]
[BlackFideId "16287266"]
[EventCountry "GER"]
[EventRounds "11"]
[EventType "swiss"]
[EventDate "2021.08.22"]

1. e4 {[%clk 01:15:57]} {[%emt 00:00:03]} c6 {[%clk 01:15:58]} {[%emt
00:00:03]} 2. c4 {[%clk 01:16:01]} {[%emt 00:00:26]} e6 {[%clk 01:14:59]}
{[%emt 00:01:28]} 3. Nc3 {[%clk 01:10:48]} {[%emt 00:05:43]} Ne7 {[%clk
01:14:01]} {[%emt 00:01:28]} 4. e5 {[%clk 01:07:01]} {[%emt 00:04:18]} Ng6
{[%clk 01:14:14]} {[%emt 00:00:16]} 5. d4 {[%clk 01:06:27]} {[%emt 00:01:04]}
d6 {[%clk 01:11:03]} {[%emt 00:03:41]} 6. exd6 {[%clk 01:06:08]} {[%emt
00:00:49]} Bxd6 {[%clk 01:10:38]} {[%emt 00:00:54]} 7. Nf3 {[%clk 01:04:44]}
{[%emt 00:01:54]} O-O {[%clk 01:09:13]} {[%emt 00:01:56]} 8. Bd3 {[%clk
01:03:54]} {[%emt 00:01:20]} c5 {[%clk 01:04:33]} {[%emt 00:05:10]} 9. dxc5
{[%clk 00:59:39]} {[%emt 00:04:45]} Bxc5 {[%clk 01:03:06]} {[%emt 00:01:57]}
10. O-O {[%clk 00:59:01]} {[%emt 00:01:07]} b6 {[%clk 01:01:03]} {[%emt
00:02:35]} 11. Be4 {[%clk 00:56:06]} {[%emt 00:03:25]} Nc6 {[%clk 01:00:25]}
{[%emt 00:01:07]} 12. Bxc6 {[%clk 00:55:41]} {[%emt 00:00:55]} Rb8 {[%clk
01:00:16]} {[%emt 00:00:39]} 13. Be3 {[%clk 00:52:46]} {[%emt 00:03:25]} Qxd1
{[%clk 00:58:06]} {[%emt 00:02:40]} 14. Rfxd1 {[%emt 00:01:04]} Bxe3 {[%clk
00:57:57]} {[%emt 00:00:36]} 15. fxe3 {[%clk 00:52:24]} {[%emt 00:00:20]} e5
{[%clk 00:57:27]} {[%emt 00:01:01]} 16. Rd2 {[%clk 00:50:43]} {[%emt 00:02:11]}
Ne7 {[%clk 00:55:34]} {[%emt 00:02:22]} 17. Be4 {[%emt 00:02:51]} f5 {[%clk
00:54:36]} 18. Bd5+ {[%clk 00:49:48]} {[%emt 00:00:34]} Nxd5 {[%clk 00:54:53]}
{[%emt 00:00:12]} 19. Nxd5 {[%clk 00:49:28]} {[%emt 00:00:50]} e4 {[%clk
00:52:56]} {[%emt 00:02:27]} 20. Ne5 {[%clk 00:48:43]} {[%emt 00:01:15]} Kh8
{[%clk 00:52:58]} {[%emt 00:00:28]} 21. Ne7 {[%clk 00:48:33]} {[%emt 00:00:40]}
Re8 {[%clk 00:44:14]} {[%emt 00:09:14]} 22. Nf7# {[%clk 00:47:40]} {[%emt
00:00:14]} 1-0

[Event "DEM U10w 2021"]
[Site "Willingen GER"]
[Date "2021.08.27"]
[Round "8"]
[White "Wagner, Cosima"]
[Black "Will, Elina"]
[Result "1-0"]
[Termination "normal"]
[Board "4"]
[WhiteElo "1110"]
[BlackElo "1181"]
[WhiteClock "00:46:03"]
[BlackClock "00:11:20"]
[PlyCount "69"]
[WhiteFideId "34603484"]
[BlackFideId "34623434"]
[EventCountry "GER"]
[EventRounds "11"]
[EventType "swiss"]
[EventDate "2021.08.22"]

1. e4 {[%clk 01:15:57]} {[%emt 00:00:03]} c5 {[%clk 01:15:57]} {[%emt
00:00:04]} 2. Nf3 {[%clk 01:16:14]} {[%emt 00:00:13]} Nc6 {[%clk 01:16:20]}
{[%emt 00:00:06]} 3. d4 {[%clk 01:16:38]} {[%emt 00:00:06]} cxd4 {[%clk
01:16:44]} {[%emt 00:00:06]} 4. Nxd4 {[%clk 01:17:03]} {[%emt 00:00:05]} e5
{[%clk 01:17:05]} {[%emt 00:00:08]} 5. Nf3 {[%clk 01:17:25]} {[%emt 00:00:09]}
Nf6 {[%clk 01:17:07]} {[%emt 00:00:28]} 6. Nc3 {[%clk 01:17:42]} {[%emt
00:00:14]} Bb4 {[%clk 01:17:26]} {[%emt 00:00:09]} 7. Bc4 {[%emt 00:01:11]}
Nxe4 {[%clk 01:16:47]} {[%emt 00:01:07]} 8. Qd5 {[%clk 01:15:37]} {[%emt
00:01:57]} Nd6 {[%clk 01:15:13]} {[%emt 00:02:04]} 9. Bb3 {[%clk 01:08:40]}
{[%emt 00:07:27]} O-O {[%clk 01:14:32]} {[%emt 00:01:11]} 10. O-O {[%clk
01:07:53]} {[%emt 00:01:17]} Bxc3 {[%clk 01:14:14]} {[%emt 00:00:47]} 11. bxc3
{[%clk 01:07:58]} {[%emt 00:00:26]} Qe7 {[%clk 01:13:03]} {[%emt 00:01:40]} 12.
Ba3 {[%clk 01:07:43]} {[%emt 00:00:46]} Qe6 {[%clk 00:57:35]} {[%emt 00:15:58]}
13. Qxe6 {[%clk 01:07:21]} {[%emt 00:00:51]} fxe6 {[%clk 00:56:53]} {[%emt
00:01:12]} 14. Bxd6 {[%clk 01:07:40]} {[%emt 00:00:12]} Rf5 {[%clk 00:56:44]}
{[%emt 00:00:38]} 15. Rfe1 {[%clk 01:07:28]} {[%emt 00:00:43]} b6 {[%clk
00:46:54]} {[%emt 00:10:19]} 16. Nxe5 {[%clk 01:06:22]} {[%emt 00:01:36]} Na5
{[%clk 00:44:11]} {[%emt 00:03:13]} 17. Nc4 {[%clk 01:04:55]} {[%emt 00:01:57]}
Rd5 {[%clk 00:39:38]} {[%emt 00:05:04]} 18. Rad1 {[%clk 01:02:42]} {[%emt
00:02:43]} Bb7 {[%clk 00:31:47]} {[%emt 00:08:20]} 19. Nxa5 {[%clk 01:02:20]}
{[%emt 00:00:52]} Rxa5 {[%clk 00:31:35]} {[%emt 00:00:40]} 20. Bb4 {[%clk
00:59:39]} {[%emt 00:03:13]} Rg5 {[%clk 00:28:12]} {[%emt 00:03:53]} 21. g3
{[%clk 00:57:44]} {[%emt 00:02:26]} Bc6 {[%clk 00:27:47]} {[%emt 00:00:54]} 22.
Rd6 {[%clk 00:53:00]} {[%emt 00:05:14]} a5 {[%clk 00:26:47]} {[%emt 00:01:30]}
23. Ba3 {[%clk 00:52:43]} {[%emt 00:00:48]} b5 {[%clk 00:25:39]} {[%emt
00:01:37]} 24. Bxe6+ {[%clk 00:52:33]} {[%emt 00:00:40]} dxe6 {[%clk 00:24:30]}
{[%emt 00:00:44]} 25. Rxc6 {[%clk 00:52:48]} {[%emt 00:01:10]} e5 {[%clk
00:22:17]} {[%emt 00:02:42]} 26. Re6 {[%clk 00:51:32]} {[%emt 00:01:48]} b4
{[%clk 00:18:45]} {[%emt 00:04:02]} 27. Bb2 {[%clk 00:49:55]} {[%emt 00:02:06]}
Rc8 {[%clk 00:16:47]} {[%emt 00:02:28]} 28. R1xe5 {[%clk 00:49:17]} {[%emt
00:01:09]} Rxe5 {[%clk 00:16:50]} {[%emt 00:00:26]} 29. Rxe5 {[%clk 00:49:35]}
{[%emt 00:00:12]} bxc3 {[%clk 00:17:09]} {[%emt 00:00:11]} 30. Ba1 {[%clk
00:49:34]} {[%emt 00:00:31]} a4 {[%clk 00:17:02]} {[%emt 00:00:36]} 31. Re3
{[%clk 00:49:41]} {[%emt 00:00:25]} Rd8 {[%clk 00:15:35]} {[%emt 00:01:57]} 32.
Bxc3 {[%clk 00:49:55]} {[%emt 00:00:15]} Rc8 {[%clk 00:15:26]} {[%emt
00:00:39]} 33. Rd3 {[%clk 00:46:33]} {[%emt 00:03:53]} h6 {[%clk 00:13:22]}
{[%emt 00:02:33]} 34. Kf1 {[%clk 00:46:42]} {[%emt 00:00:21]} Kf7 {[%clk
00:11:20]} {[%emt 00:02:31]} 35. Ke1 {[%clk 00:46:03]} {[%emt 00:01:10]} 1-0